000 00890nam a2200253Ia 4500
003 OSt
005 20220923221004.0
006 a|||||r|||| 00| 0
007 ta
008 220922b |||||||| |||| 00| 0 hin d
024 _a193,433
037 _cTextual
040 _aARTS
_cARTS
_bhin
041 _2hin
_ahin
082 _aO152,3x, J7
100 _aपांडेय, पं0 गणेश, संपा.
_9164934
245 0 _aहिन्दी की श्र्रेष्ठ कहानियॉ
246 _aHindī kī shrreṣhṭha kahāniyaॉ
260 _aइलाहाबाद
_b आधुनिक प्रकाशन
_c1957
300 _a184पृ.
_ccm.
650 _aहिन्दी साहित्य
_9156264
942 _hO152,3x, J7
_cTEXL
_2CC
999 _c345881
_d345881